Štrukturálny cenzus fariem v Slovenskej republike, príprava a realizácia

Harmonizácia štatistiky poľnohospodárstva má z pohľadu EÚ mimoriadny význam. Obsah a základné časti Štrukturálneho cenzu fariem. Twinningový projekt. Príprava Štrukturálneho cenzu fariem, jeho finančné a organizačné zabezpečenie.

Gespeichert in:
Bibliographische Detailangaben
1. Verfasser: Mikulášová, Edita
Format: Buchkapitel
Sprache:Slowakisch
Schlagworte:
Tags: Tag hinzufügen
Keine Tags, Fügen Sie das erste Tag hinzu!

MARC

LEADER 00000naa a2200000 4500
001 r045344
005 20230906073801.9
041 0 |a slo 
044 |a SK 
245 1 0 |a Štrukturálny cenzus fariem v Slovenskej republike, príprava a realizácia  |c Edita Mikulášová 
520 |a Harmonizácia štatistiky poľnohospodárstva má z pohľadu EÚ mimoriadny význam. Obsah a základné časti Štrukturálneho cenzu fariem. Twinningový projekt. Príprava Štrukturálneho cenzu fariem, jeho finančné a organizačné zabezpečenie. 
610 2 0 |a poľnohospodárstvo 
610 2 0 |a štatistika 
610 2 0 |a integrácia 
610 2 0 |a farmy 
610 2 0 |a Európska únia 
610 2 0 |a Slovensko 
100 1 |a Mikulášová, Edita